| 000 | 01777nam a2200505 i 4500 | ||
|---|---|---|---|
| 001 | 52194 | ||
| 003 | KOSZ 005 | ||
| 005 | 20220401112735.0 | ||
| 008 | 051019s2005 pl a f |000 0 pol | ||
| 015 | _aUWD 2006/16059 | ||
| 020 | _a8372414602 | ||
| 035 | _a991028814829705066 | ||
| 035 | _a(PL-WaBN)b1779335x-48omnis_nlop | ||
| 035 | _ab1779335x | ||
| 035 | _a(OCoLC)749694315 | ||
| 035 | _azz2005874100 | ||
| 035 | _a(PL)b0000001779335 | ||
| 035 | _a(EXLNZ-48OMNIS_NETWORK)9910495279905606 | ||
| 040 |
_aWA N _cWA N _dKOSZ 005/HR |
||
| 041 | 0 |
_apol _beng |
|
| 046 | _k2005 | ||
| 080 | _a334.72 | ||
| 080 | _a657.92 | ||
| 080 | _a658.14/.17 | ||
| 100 | 1 |
_aKufel, Tomasz _eAutor |
|
| 245 | 1 | 0 |
_aWykorzystanie rachunkowości na potrzeby wyceny przedsiębiorstw / _cTomasz Kufel. |
| 260 |
_aSzczecin : _bWydawnictwo Naukowe Uniwersytetu Szczecińskiego, _c2005. |
||
| 300 |
_a189 s. : _brys., wykr. ; _c24 cm. |
||
| 336 |
_aTekst _btxt _2rdacontent |
||
| 337 |
_aBez urządzenia pośredniczącego _bn _2rdamedia |
||
| 338 |
_aWolumin _bnc _2rdacarrier |
||
| 380 | _aKsiążki | ||
| 388 | _a2001- | ||
| 490 | 1 |
_aRozprawy i Studia / Uniwersytet Szczeciński, _x0860-2751 ; _vt. (640) 566 |
|
| 504 | _aBibliogr. s. 175-182, wybór aktów prawnych s. 182-183. | ||
| 546 | _aStreszcz. ang. | ||
| 650 | 7 |
_aRachunkowość _2DBN |
|
| 650 | 7 |
_aWycena przedsiębiorstwa _2DBN |
|
| 658 | _aGospodarka, ekonomia, finanse | ||
| 710 | 2 |
_aWydawnictwo Naukowe Uniwersytetu Szczecińskiego _4pbl |
|
| 830 | 0 |
_aRozprawy i Studia - Uniwersytet Szczeciński _vt. 566 |
|
| 856 |
_uhttp://koha.tu.koszalin.pl/cgi-bin/koha/opac-detail.pl?biblionumber=52194 _yKatalog online BPK |
||
| 942 |
_2UKD _cKS |
||
| 999 |
_c52194 _d52194 |
||